Central Library OPAC University of Rajshahi

Census of Agriculture - 1996 : (Record no. 62052)

MARC details
000 -LEADER
fixed length control field 00847nam a2200253 a 4500
001 - CONTROL NUMBER
control field 62052
003 - CONTROL NUMBER IDENTIFIER
rucl marc code BD-RjUL
005 - DATE AND TIME OF LATEST TRANSACTION
control field 20211209081034.0
008 - FIXED-LENGTH DATA ELEMENTS--GENERAL INFORMATION
fixed length control field 170122s2002 bg 00010 eng d
020 ## - INTERNATIONAL STANDARD BOOK NUMBER
International Standard Book Number 9845084613
Terms of availability : Complimentary
035 ## - SYSTEM CONTROL NUMBER
System control number (BD-RjUL)62177
040 ## - CATALOGING SOURCE
Original cataloging agency BD-RjUL
Language of cataloging eng
Modifying agency BD-RjUL
Transcribing agency BD-RjUL
041 ## - LANGUAGE CODE
Language code of text/sound track or separate title eng
082 ## - DEWEY DECIMAL CLASSIFICATION NUMBER
Edition number 23
Classification number 630.95492021
Author mark and year MYM 2002 (ZS)
110 ## - MAIN ENTRY--CORPORATE NAME
Corporate name or jurisdiction name as entry element Bangladesh Bureau of Statistics
9 (RLIN) 179266
245 ## - TITLE STATEMENT
Title Census of Agriculture - 1996 :
Remainder of title Zila Series: Mymensingh /
Statement of responsibility, etc. Bangladesh Bureau of Statistics
260 ## - PUBLICATION, DISTRIBUTION, ETC. (IMPRINT)
Place of publication, distribution, etc. Dhaka :
Name of publisher, distributor, etc. BBS,
Date of publication, distribution, etc. 2002
300 ## - PHYSICAL DESCRIPTION
Pagination xiv, 547 p. :
Illustrations Ill. ;
Size 28 cm.
490 ## - SERIES STATEMENT
Series statement Zila Series: Mymensingh
500 ## - GENERAL NOTE
General note Chiefly statistical tables.
650 ## - SUBJECT ADDED ENTRY--TOPICAL TERM
Topical term or geographic name as entry element Agriculture
Geographic subdivision Mymensingh
-- Bangladesh
Form subdivision Statistics.
9 (RLIN) 184590
Chronological subdivision 1996
830 ## - SERIES ADDED ENTRY--UNIFORM TITLE
Uniform title Zila Series: Mymensingh
942 ## - ADDED ENTRY ELEMENTS (KOHA)
Source of classification or shelving scheme Dewey Decimal Classification
Koha item type Rare Books
Holdings
Lost status Source of classification or shelving scheme Damaged status Not for loan Collection code Permanent Location Current Location Shelving location Date acquired Source of acquisition Total Checkouts Full call number Date last seen Copy number Koha item type
  Dewey Decimal Classification   Not For Loan Rare Books Central Library, University of Rajshahi Central Library, University of Rajshahi Rare Book Section 08/06/2003 Dhaka, BBS   RA 630.95492021 MYM 2002(ZS) 22/01/2017 C-1 Rare Books